O. Hood Phillips & Jackson : constitutional and administrative law.

This edition covers the many significant developments that have occurred since publication of the previous edition. These include the increased impact of Community Law, the revival of interest in "habeous corpus" as an alternative to judicial review, and the Scott Report and civil service...

ver descrição completa

Na minha lista:
Detalhes bibliográficos
Autor principal: Phillips, Owen Hood
Outros Autores: Jackson, Paul, Leopold, Patricia
Formato: Livro
Publicado em: London : Sweet & Maxwell.; c 2001.
Edição:8th ed.
Assuntos:
Tags: Adicionar Tag
Sem tags, seja o primeiro a adicionar uma tag!

MARC

LEADER 00000cam a2200000 a 4500
005 20251003073959.0
020 |a 0421576502  |c TZS.65,000/= 
040 |a MCCL  |b eng.  |e AACR 2nd rev.ed. 
082 0 0 |a 342.06 PHI 
100 1 |a Phillips, Owen Hood. 
245 1 0 |a O. Hood Phillips & Jackson :  |b constitutional and administrative law.  |c / Owen Hood Phillips, Paul Jackson and Patricia Leopold 
250 |a 8th ed.  
260 |a London :  |b Sweet & Maxwell.;  |c c 2001. 
300 |a cxxvi, 855 p. :  |c 23 cm. 
504 |a Includes index 
520 |a This edition covers the many significant developments that have occurred since publication of the previous edition. These include the increased impact of Community Law, the revival of interest in "habeous corpus" as an alternative to judicial review, and the Scott Report and civil service changes 
650 0 |a Constitutional law 
650 0 |a Administrative law 
650 0 |a Justice and policy 
700 1 |a Jackson, Paul., 
700 1 |a Leopold, Patricia. 
942 |c BK 
999 |c 11661  |d 11661